A Song of Ice and Fire - Lords of the Seven Kingdoms - Statistics

General Stats
  • This quiz has been taken 563 times
  • The average score is 15 of 30
Answer Stats
Hint Answer % Correct
Lord Stark Eddard
100%
Lord Lannister Tywin
96%
Lord Bolton Roose
95%
Lord Frey Walder
92%
Lord Greyjoy Balon
90%
Lord Tyrell Mace
87%
Lord Tully Hoster
86%
Lord Umber Jon
83%
Lord Martell Doran
81%
Lord Dondarrion Beric
78%
Lord Reed Howland
71%
Lord Karstark Rickard
71%
Lord Tarly Randyll
65%
Lord Manderly Wyman
60%
Lord Mallister Jason
40%
Lord Redwyne Paxter
30%
Lady Dustin Barbrey
25%
Lord Blackwood Tytos
25%
Lord Dayne Edric
24%
Lord Harlaw Rodrik
23%
Lady Stokeworth Tanda
23%
Lady Waynwood Anya
22%
Lord Rosby Gyles
22%
Lord Rowan Mathis
17%
Lord Hightower Leyton
15%
Lord Caron Bryce
14%
Lord Lefford Leo
13%
Lady Whent Shella
9%
Lord Yronwood Anders
8%
Lady Oakheart Arwyn
6%
No matching quizzes found
Score Distribution
Percent of People with Each Score
Percentile by Number Answered
Your Score History
You have not taken this quiz